[Event "17. Obert Int. Sant Marti 2015"]
[Site "Barcelona ESP"]
[Date "2015.07.15"]
[Round "3.76"]
[White "Tateo, Ida"]
[Black "Cervello I Tost, Roger"]
[Result "0-1"]
[WhiteElo "1301"]
[BlackElo "1960"]
[PlyCount "62"]
[EventDate "2015.07.13"]
[EventType "swiss"]
[EventRounds "9"]
[EventCountry "ESP"]
[SourceTitle "Ajedrez en Madrid"]
[Source "lmi"]
[SourceDate "2013.07.13"]
[SourceVersion "1"]
[SourceVersionDate "2019.06.24"]
[SourceQuality "1"]

1. e4 e5 2. Nf3 Nc6 3. Bb5 a6 4. Ba4 Nf6 5. O-O b5 6. Bb3 Be7 7. Re1 O-O 8. c3
d5 9. exd5 Nxd5 10. Nxe5 Nxe5 11. Rxe5 Nf6 12. d4 Bd6 13. Re2 Ng4 14. g3 Re8
15. Bd5 Rb8 16. Qd3 Bd7 17. Qf3 Rxe2 18. Qxe2 Qf6 19. Be3 Re8 20. Qf3 Qxf3 21.
Bxf3 Nxe3 22. fxe3 Rxe3 23. Nd2 b4 24. Kf2 Rd3 25. Ke2 Bf5 26. Be4 Rxd2+ 27.
Kxd2 Bxe4 28. Re1 f5 29. Rb1 Bd5 30. a4 b3 31. Kd3 Be4+ 0-1

[Event "17. Obert Int. Sant Marti 2015"]
[Site "Barcelona ESP"]
[Date "2015.07.16"]
[Round "4.1"]
[White "Sundararajan, Kidambi"]
[Black "Pardo Simon, David"]
[Result "1-0"]
[WhiteElo "2433"]
[BlackElo "2468"]
[PlyCount "57"]
[EventDate "2015.07.13"]
[EventType "swiss"]
[EventRounds "9"]
[EventCountry "ESP"]
[SourceTitle "Ajedrez en Madrid"]
[Source "lmi"]
[SourceDate "2013.07.13"]
[SourceVersion "1"]
[SourceVersionDate "2019.06.24"]
[SourceQuality "1"]

1. Nf3 d6 2. d4 f5 3. g3 Nf6 4. Bg2 g6 5. O-O Bg7 6. b3 O-O 7. Bb2 c6 8. c4 a5
9. Nc3 Na6 10. Rc1 Nc7 11. Re1 Kh8 12. Qd2 Be6 13. e4 fxe4 14. Nxe4 Nxe4 15.
Rxe4 Bf5 16. Rh4 Kg8 17. d5 Bxb2 18. Qxb2 e5 19. dxc6 bxc6 20. c5 e4 21. cxd6
Nd5 22. Nd2 e3 23. fxe3 Nxe3 24. Bxc6 Rc8 25. Qd4 Qe8 26. Bxe8 Rxc1+ 27. Kf2
Nc2 28. Qc4+ Be6+ 29. Rf4 1-0

[Event "17. Obert Int. Sant Marti 2015"]
[Site "Barcelona ESP"]
[Date "2015.07.16"]
[Round "4.2"]
[White "Vassallo Barroche, Mauricio"]
[Black "Swapnil, S. Dhopade"]
[Result "0-1"]
[WhiteElo "2430"]
[BlackElo "2453"]
[PlyCount "32"]
[EventDate "2015.07.13"]
[EventType "swiss"]
[EventRounds "9"]
[EventCountry "ESP"]
[SourceTitle "Ajedrez en Madrid"]
[Source "lmi"]
[SourceDate "2013.07.13"]
[SourceVersion "1"]
[SourceVersionDate "2019.06.24"]
[SourceQuality "1"]

1. d4 Nf6 2. Nf3 d5 3. c4 e6 4. g3 dxc4 5. Qa4+ Nbd7 6. Bg2 a6 7. Qxc4 b5 8.
Qc6 Rb8 9. Bf4 Bb7 10. Qxc7 Bb4+ 11. Nbd2 Qxc7 12. Bxc7 Rc8 13. Bf4 Rc2 14. a3
Bxd2+ 15. Bxd2 Rxb2 16. O-O Bxf3 0-1

[Event "17. Obert Int. Sant Marti 2015"]
[Site "Barcelona ESP"]
[Date "2015.07.16"]
[Round "4.3"]
[White "Akbarinia, Sayed Arash"]
[Black "Petrosyan, Tigran S."]
[Result "0-1"]
[WhiteElo "2413"]
[BlackElo "2441"]
[PlyCount "108"]
[EventDate "2015.07.13"]
[EventType "swiss"]
[EventRounds "9"]
[EventCountry "ESP"]
[SourceTitle "Ajedrez en Madrid"]
[Source "lmi"]
[SourceDate "2013.07.13"]
[SourceVersion "1"]
[SourceVersionDate "2019.06.24"]
[SourceQuality "1"]

1. d4 d5 2. Nf3 Nf6 3. c4 c6 4. e3 Bg4 5. Nc3 e6 6. Qb3 Qb6 7. Ne5 Bf5 8. f3 h6
9. g4 Bh7 10. Bd2 Nbd7 11. Nxd7 Nxd7 12. Qxb6 axb6 13. e4 dxe4 14. Nxe4 e5 15.
Bc3 Bxe4 16. fxe4 exd4 17. Bxd4 Bb4+ 18. Ke2 f6 19. Bg2 Bd6 20. a4 Be5 21. Be3
Bxb2 22. Ra2 Be5 23. Rb1 c5 24. a5 Ra7 25. Bd2 Bxh2 26. Rab2 Be5 27. axb6 Ra4
28. Rb5 Ke7 29. Be3 Rxc4 30. Ra5 Rb8 31. Ra2 Kd6 32. Bf1 Bd4 33. Bd2 Ne5 34.
Kd1 Kc6 35. Bxc4 Nxc4 36. Bf4 Re8 37. Re2 Nxb6 38. Kc2 Nc4 39. Kd3 Ne5+ 40.
Bxe5 Bxe5 41. Ra2 Rd8+ 42. Ke3 c4 43. Ra5 Rd3+ 44. Ke2 Rg3 45. Rab5 Rxg4 46.
Rxb7 Rxe4+ 47. Kf3 Rf4+ 48. Ke3 Rg4 49. R7b6+ Kd7 50. Kf3 f5 51. Ra6 c3 52.
Rb7+ Bc7 53. Ra2 Rc4 54. Rc2 Kc6 0-1

[Event "17. Obert Int. Sant Marti 2015"]
[Site "Barcelona ESP"]
[Date "2015.07.16"]
[Round "4.4"]
[White "Peralta, Fernando"]
[Black "Erdogdu, Mert"]
[Result "1/2-1/2"]
[WhiteElo "2556"]
[BlackElo "2426"]
[PlyCount "55"]
[EventDate "2015.07.13"]
[EventType "swiss"]
[EventRounds "9"]
[EventCountry "ESP"]
[SourceTitle "Ajedrez en Madrid"]
[Source "lmi"]
[SourceDate "2013.07.13"]
[SourceVersion "1"]
[SourceVersionDate "2019.06.24"]
[SourceQuality "1"]

1. Nf3 d5 2. d4 e6 3. c4 c5 4. cxd5 exd5 5. e3 Nf6 6. Bb5+ Bd7 7. Bxd7+ Qxd7 8.
dxc5 Bxc5 9. O-O Nc6 10. Nc3 O-O 11. b3 a6 12. Bb2 Ba7 13. Ne2 Ne4 14. Rc1 Rfe8
15. Ned4 Rac8 16. Qd3 Nb4 17. Qb1 Bb8 18. Rfd1 Nc6 19. Ne2 Rcd8 20. Ng3 Qg4 21.
Qd3 h5 22. Nf1 Re6 23. h3 Qf5 24. Qe2 Ba7 25. Nh4 Qg5 26. Nf3 Qf5 27. Nh4 Qg5
28. Nf3 1/2-1/2

[Event "17. Obert Int. Sant Marti 2015"]
[Site "Barcelona ESP"]
[Date "2015.07.16"]
[Round "4.5"]
[White "Lopez Martinez, Josep Manuel"]
[Black "Codenotti, Marco"]
[Result "1-0"]
[WhiteElo "2536"]
[BlackElo "2421"]
[PlyCount "65"]
[EventDate "2015.07.13"]
[EventType "swiss"]
[EventRounds "9"]
[EventCountry "ESP"]
[SourceTitle "Ajedrez en Madrid"]
[Source "lmi"]
[SourceDate "2013.07.13"]
[SourceVersion "1"]
[SourceVersionDate "2019.06.24"]
[SourceQuality "1"]

1. Nf3 d5 2. d4 Nf6 3. c4 c6 4. e3 Bf5 5. Nc3 a6 6. a4 e6 7. Qb3 Qc7 8. Nh4 Bg6
9. Nxg6 hxg6 10. a5 Nbd7 11. g3 Rb8 12. Bg2 Be7 13. O-O g5 14. cxd5 cxd5 15.
Bd2 b6 16. axb6 Nxb6 17. Rfb1 Nc4 18. Qa4+ Qd7 19. Qxd7+ Nxd7 20. Bc1 a5 21. e4
dxe4 22. Nxe4 a4 23. Rxa4 Na3 24. Ra1 Nc2 25. R1a2 Nb4 26. R2a3 O-O 27. Bxg5
Bxg5 28. Nxg5 Nc2 29. Ra2 Nb6 30. Ra7 Nxd4 31. h4 Nb5 32. Re7 Nd5 33. Rd7 1-0

[Event "17. Obert Int. Sant Marti 2015"]
[Site "Barcelona ESP"]
[Date "2015.07.16"]
[Round "4.6"]
[White "Froewis, Georg"]
[Black "Ghosh, Diptayan"]
[Result "0-1"]
[WhiteElo "2434"]
[BlackElo "2523"]
[PlyCount "74"]
[EventDate "2015.07.13"]
[EventType "swiss"]
[EventRounds "9"]
[EventCountry "ESP"]
[SourceTitle "Ajedrez en Madrid"]
[Source "lmi"]
[SourceDate "2013.07.13"]
[SourceVersion "1"]
[SourceVersionDate "2019.06.24"]
[SourceQuality "1"]

1. Nf3 Nf6 2. c4 g6 3. Nc3 d5 4. cxd5 Nxd5 5. Qb3 Nb6 6. d4 Bg7 7. e4 Bg4 8.
Bb5+ c6 9. Ng5 O-O 10. Be2 Bxe2 11. Nxe2 Na6 12. Qh3 h6 13. Nf3 Qd7 14. Qh4 h5
15. h3 c5 16. g4 cxd4 17. gxh5 Nc5 18. Rg1 Nd3+ 19. Kf1 Nxc1 20. Ng5 f6 21.
hxg6 Rfc8 22. Nxd4 fxg5 23. Rxg5 e6 24. Qh7+ Kf8 25. Nxe6+ Qxe6 26. Rf5+ Qxf5
27. exf5 Nd5 28. Qh4 Nd3 29. Rd1 N3f4 30. Qg3 Rd8 31. Qb3 Rd7 32. h4 Rad8 33.
Re1 Bf6 34. Qa3+ Kg7 35. h5 Rh8 36. Qa4 Rc7 37. Qe4 Rxh5 0-1

[Event "17. Obert Int. Sant Marti 2015"]
[Site "Barcelona ESP"]
[Date "2015.07.16"]
[Round "4.7"]
[White "Kantsler, Boris"]
[Black "Shyam, Sundar M."]
[Result "0-1"]
[WhiteElo "2415"]
[BlackElo "2492"]
[PlyCount "90"]
[EventDate "2015.07.13"]
[EventType "swiss"]
[EventRounds "9"]
[EventCountry "ESP"]
[SourceTitle "Ajedrez en Madrid"]
[Source "lmi"]
[SourceDate "2013.07.13"]
[SourceVersion "1"]
[SourceVersionDate "2019.06.24"]
[SourceQuality "1"]

1. d4 Nf6 2. c4 g6 3. Nc3 Bg7 4. e4 d6 5. Nf3 O-O 6. Be2 e5 7. d5 a5 8. Bg5 h6
9. Bh4 Na6 10. Nd2 Qe8 11. Rb1 Nh7 12. b3 f5 13. f3 h5 14. Bf2 Bh6 15. a3 Nc5
16. b4 axb4 17. axb4 fxe4 18. Ndxe4 Nxe4 19. Nxe4 Bf5 20. Bd3 Nf6 21. O-O Bxe4
22. Bxe4 Nxe4 23. fxe4 Ra2 24. Qb3 Re2 25. Qd3 Rd2 26. Qc3 Qa4 27. Bh4 Qc2 28.
Qh3 Qxe4 29. Rxf8+ Bxf8 30. Rf1 Qd4+ 31. Bf2 Qg4 32. Qxg4 hxg4 33. Be3 Rd3 34.
Bg5 b5 35. Rc1 bxc4 36. Rxc4 Rxd5 37. Bd8 g3 38. hxg3 c5 39. b5 Rd1+ 40. Kh2 d5
41. Ra4 e4 42. Ra8 e3 43. Ba5 Rb1 44. b6 d4 45. Rb8 d3 0-1

[Event "17. Obert Int. Sant Marti 2015"]
[Site "Barcelona ESP"]
[Date "2015.07.16"]
[Round "4.8"]
[White "Oratovsky, Michael"]
[Black "Cruz, Filemon"]
[Result "1/2-1/2"]
[WhiteElo "2490"]
[BlackElo "2402"]
[PlyCount "23"]
[EventDate "2015.07.13"]
[EventType "swiss"]
[EventRounds "9"]
[EventCountry "ESP"]
[SourceTitle "Ajedrez en Madrid"]
[Source "lmi"]
[SourceDate "2013.07.13"]
[SourceVersion "1"]
[SourceVersionDate "2019.06.24"]
[SourceQuality "1"]

1. e4 e5 2. Nf3 Nc6 3. Bc4 Bc5 4. c3 Nf6 5. d3 d6 6. Nbd2 a6 7. Bb3 O-O 8. h3
Ba7 9. Nf1 d5 10. Qe2 dxe4 11. dxe4 Nh5 12. Ng5 1/2-1/2

[Event "17. Obert Int. Sant Marti 2015"]
[Site "Barcelona ESP"]
[Date "2015.07.16"]
[Round "4.9"]
[White "Diermair, Andreas"]
[Black "Mosquera, Miguel"]
[Result "1/2-1/2"]
[WhiteElo "2485"]
[BlackElo "2375"]
[PlyCount "127"]
[EventDate "2015.07.13"]
[EventType "swiss"]
[EventRounds "9"]
[EventCountry "ESP"]
[SourceTitle "Ajedrez en Madrid"]
[Source "lmi"]
[SourceDate "2013.07.13"]
[SourceVersion "1"]
[SourceVersionDate "2019.06.24"]
[SourceQuality "1"]

1. Nf3 Nf6 2. c4 c6 3. Nc3 d5 4. e3 g6 5. Be2 Bg7 6. O-O O-O 7. d4 b6 8. b4
Nbd7 9. Qb3 Ba6 10. b5 dxc4 11. Bxc4 cxb5 12. Nxb5 Ne4 13. a4 Bb7 14. Ba3 Ndf6
15. Rac1 Nd5 16. Qd3 Nef6 17. Rfd1 a6 18. Nc3 Nxc3 19. Qxc3 Ne4 20. Qb3 Nd6 21.
Be2 Rc8 22. Rb1 Be4 23. Rb2 b5 24. axb5 axb5 25. Bc5 Rb8 26. Ra2 Rb7 27. Ra6
Qd7 28. Ne1 b4 29. Ra4 Rfb8 30. Ba6 Bc6 31. Ra5 Rc7 32. Bxb4 Ba8 33. Qa3 Qg4
34. f3 Qe6 35. e4 Bb7 36. d5 Qe5 37. Be2 Bc8 38. Bc5 Qb2 39. Qxb2 Bxb2 40. Bf2
f5 41. exf5 Bxf5 42. g4 Bd7 43. Ra7 Rxa7 44. Bxa7 Rc8 45. Nd3 Bg7 46. Rc1 Rxc1+
47. Nxc1 e6 48. dxe6 Bxe6 49. Kf2 Kf7 50. Nd3 Nb5 51. Be3 Nd4 52. Bd1 Bc4 53.
Nc5 Ne6 54. Ne4 Be5 55. h4 Nf4 56. Nd2 Nd3+ 57. Kg2 Bd5 58. Bb3 Ne1+ 59. Kf1
Bxb3 60. Kxe1 Bd5 61. Kf2 h5 62. gxh5 gxh5 63. Ne4 Kg6 64. Bg5 1/2-1/2

[Event "17. Obert Int. Sant Marti 2015"]
[Site "Barcelona ESP"]
[Date "2015.07.16"]
[Round "4.10"]
[White "Gagare, Shardul"]
[Black "Ducarmon, Quinten"]
[Result "1-0"]
[WhiteElo "2425"]
[BlackElo "2475"]
[PlyCount "107"]
[EventDate "2015.07.13"]
[EventType "swiss"]
[EventRounds "9"]
[EventCountry "ESP"]
[SourceTitle "Ajedrez en Madrid"]
[Source "lmi"]
[SourceDate "2013.07.13"]
[SourceVersion "1"]
[SourceVersionDate "2019.06.24"]
[SourceQuality "1"]

1. d4 Nf6 2. c4 e6 3. Nf3 b6 4. g3 Ba6 5. b3 Bb7 6. Bg2 Bb4+ 7. Bd2 a5 8. Nc3
O-O 9. a3 Bxc3 10. Bxc3 d6 11. O-O Nbd7 12. Bb2 Be4 13. Bh3 a4 14. b4 c6 15.
Nd2 Bg6 16. Bg2 d5 17. c5 bxc5 18. dxc5 e5 19. Rc1 Re8 20. Nb1 Qb8 21. Ba1 Qa7
22. e3 Bh5 23. Qd2 e4 24. h3 Qb8 25. Bd4 Ne5 26. Bxe5 Rxe5 27. Nc3 Bf3 28. Ne2
Rh5 29. Nd4 Bxg2 30. Kxg2 Qc8 31. Rh1 Nd7 32. Qe2 Rg5 33. h4 Rg6 34. b5 Ne5 35.
Qh5 Nd3 36. Rc2 Rh6 37. Qf5 Kf8 38. Qxc8+ Rxc8 39. Nxc6 Rhxc6 40. bxc6 Rxc6 41.
Rb1 Ke8 42. Kf1 Kd8 43. Rb7 Ne5 44. Ke2 Rc7 45. Rb4 Kd7 46. Rxa4 Rb7 47. Rb4
Ra7 48. a4 Nc6 49. Rb6 Rxa4 50. Rd2 Ne7 51. Rb7+ Ke6 52. Rdb2 f5 53. R2b6+ Kf7
54. Rd6 1-0

[Event "17. Obert Int. Sant Marti 2015"]
[Site "Barcelona ESP"]
[Date "2015.07.16"]
[Round "4.11"]
[White "Harutyunian, Tigran K."]
[Black "Mateus, Alejandro"]
[Result "1/2-1/2"]
[WhiteElo "2472"]
[BlackElo "2283"]
[PlyCount "126"]
[EventDate "2015.07.13"]
[EventType "swiss"]
[EventRounds "9"]
[EventCountry "ESP"]
[SourceTitle "Ajedrez en Madrid"]
[Source "lmi"]
[SourceDate "2013.07.13"]
[SourceVersion "1"]
[SourceVersionDate "2019.06.24"]
[SourceQuality "1"]

1. c4 c6 2. d4 d5 3. Nf3 Nf6 4. Qb3 dxc4 5. Qxc4 Bf5 6. g3 e6 7. Bg2 Nbd7 8.
O-O Be7 9. Nc3 O-O 10. Re1 Bg6 11. e4 b5 12. Qxc6 b4 13. e5 Rc8 14. Qa6 bxc3
15. exf6 Nxf6 16. bxc3 Rxc3 17. Ne5 Nd5 18. Nc6 Rxc6 19. Qxc6 Nb4 20. Qa4 Nc2
21. Be3 Nxa1 22. Rxa1 Qb8 23. d5 Bf6 24. Rc1 exd5 25. Bxd5 Qe5 26. Bf3 a5 27.
Rc5 Qa1+ 28. Kg2 Bc3 29. Qb3 Bb4 30. Rc1 Qe5 31. a3 Be7 32. Bf4 Qe6 33. Qa4 Qa2
34. Rc3 Bb4 35. Qb3 Qxb3 36. Rxb3 Be7 37. Re3 Bc5 38. Rc3 Be7 39. a4 Bf5 40.
Rc7 Bb4 41. Ra7 Bc2 42. Bc6 Rc8 43. Bd7 Be4+ 44. Kh3 Rd8 45. Bb5 Bf3 46. Bc4
Rf8 47. Bc7 Rc8 48. Ba6 Bc5 49. Bxc8 Bxa7 50. Bd7 Bxf2 51. Bxa5 f6 52. Bd8 Kf7
53. a5 h5 54. Bc8 g5 55. Bb6 Be1 56. a6 Kg6 57. g4 hxg4+ 58. Bxg4 Be4 59. a7 f5
60. Bd1 g4+ 61. Bxg4 fxg4+ 62. Kxg4 Ba8 63. h4 Bxh4 1/2-1/2

[Event "17. Obert Int. Sant Marti 2015"]
[Site "Barcelona ESP"]
[Date "2015.07.16"]
[Round "4.12"]
[White "Kanmazalp, Ogulcan"]
[Black "Roy, Prantik"]
[Result "0-1"]
[WhiteElo "2468"]
[BlackElo "2292"]
[PlyCount "134"]
[EventDate "2015.07.13"]
[EventType "swiss"]
[EventRounds "9"]
[EventCountry "ESP"]
[SourceTitle "Ajedrez en Madrid"]
[Source "lmi"]
[SourceDate "2013.07.13"]
[SourceVersion "1"]
[SourceVersionDate "2019.06.24"]
[SourceQuality "1"]

1. e4 c6 2. d4 d5 3. Nc3 dxe4 4. Nxe4 h6 5. Nf3 Bf5 6. Nc5 Nd7 7. Nxb7 Qc7 8.
Nc5 Nxc5 9. dxc5 e6 10. Be3 Nf6 11. Bd3 Bxd3 12. Qxd3 Qa5+ 13. c3 Rd8 14. Qc4
Be7 15. b4 Qc7 16. Bf4 Qb7 17. O-O O-O 18. a4 Rd5 19. Rab1 Rfd8 20. Be3 Qc8 21.
h3 e5 22. Qe2 Qe6 23. Qa6 Ne4 24. c4 Rd3 25. b5 Nc3 26. Rbe1 e4 27. Nh2 Qxc4
28. Qxa7 R3d7 29. Qa6 cxb5 30. axb5 Bxc5 31. Qc6 Rd5 32. b6 Qb4 33. b7 Bxe3 34.
Rxe3 Rc5 35. Qa6 Rb8 36. Qa8 Qxb7 37. Qxb7 Rxb7 38. g4 Rb4 39. f3 f6 40. fxe4
Rxe4 41. Rxe4 Nxe4 42. Re1 Ng5 43. h4 Nh3+ 44. Kg2 Nf4+ 45. Kf3 Nd3 46. Re3
Ne5+ 47. Kg3 Kf7 48. Nf3 Nxf3 49. Rxf3 h5 50. gxh5 Rxh5 51. Kg4 Ra5 52. Rf4 Kg6
53. Rb4 Kh6 54. Rc4 Ra8 55. Rb4 g6 56. Rb7 f5+ 57. Kg3 Ra3+ 58. Kg2 Kh5 59.
Rh7+ Kg4 60. Rh6 Ra6 61. Rh8 f4 62. Rh6 Ra2+ 63. Kg1 Kf5 64. Rh8 Ra6 65. Kg2
Kg4 66. Rh6 f3+ 67. Kf2 Kf4 0-1

[Event "17. Obert Int. Sant Marti 2015"]
[Site "Barcelona ESP"]
[Date "2015.07.16"]
[Round "4.13"]
[White "Puranik, Abhimanyu"]
[Black "Narayanan, Srinath"]
[Result "1/2-1/2"]
[WhiteElo "2328"]
[BlackElo "2464"]
[PlyCount "105"]
[EventDate "2015.07.13"]
[EventType "swiss"]
[EventRounds "9"]
[EventCountry "ESP"]
[SourceTitle "Ajedrez en Madrid"]
[Source "lmi"]
[SourceDate "2013.07.13"]
[SourceVersion "1"]
[SourceVersionDate "2019.06.24"]
[SourceQuality "1"]

1. e4 c5 2. c3 Nf6 3. e5 Nd5 4. d4 cxd4 5. Nf3 d6 6. cxd4 Nc6 7. Bc4 dxe5 8.
dxe5 Ndb4 9. Qb3 e6 10. O-O Na5 11. Bb5+ Bd7 12. Qa4 Bxb5 13. Qxb5+ Nac6 14.
Bg5 Qa5 15. Nc3 h6 16. Rfd1 hxg5 17. Qxb7 Rd8 18. Nb5 Bc5 19. a3 O-O 20. axb4
Nxb4 21. Nxg5 Rxd1+ 22. Rxd1 Nd5 23. Nc3 Bxf2+ 24. Kxf2 Qc5+ 25. Kg3 Nxc3 26.
Re1 Nd5 27. Qb3 Qd4 28. Re4 Qd2 29. h4 Ne7 30. Kh2 Nf5 31. Nf3 Qf2 32. Rg4 Rd8
33. Qc3 Ne3 34. Rg5 Rb8 35. Qc7 Rf8 36. Qc3 Nd5 37. Qc1 Rb8 38. b3 Qe3 39. Qc4
Qf4+ 40. Qxf4 Nxf4 41. Rg4 Nd3 42. Ra4 Rb7 43. Rd4 Nc1 44. Ng5 Kf8 45. Rd8+ Ke7
46. Rg8 Nd3 47. Nf3 g6 48. Ra8 Kd7 49. g4 Nf4 50. Kg3 Ne2+ 51. Kf2 Nf4 52. Kg3
Ne2+ 53. Kf2 1/2-1/2

[Event "17. Obert Int. Sant Marti 2015"]
[Site "Barcelona ESP"]
[Date "2015.07.16"]
[Round "4.14"]
[White "Das, Sayantan"]
[Black "Olivares Canelles, Francisco"]
[Result "1-0"]
[WhiteElo "2444"]
[BlackElo "2270"]
[PlyCount "117"]
[EventDate "2015.07.13"]
[EventType "swiss"]
[EventRounds "9"]
[EventCountry "ESP"]
[SourceTitle "Ajedrez en Madrid"]
[Source "lmi"]
[SourceDate "2013.07.13"]
[SourceVersion "1"]
[SourceVersionDate "2019.06.24"]
[SourceQuality "1"]

1. e4 e5 2. Nf3 Nc6 3. Bb5 a6 4. Ba4 Nf6 5. O-O Be7 6. Re1 b5 7. Bb3 O-O 8. d4
d6 9. c3 exd4 10. cxd4 d5 11. e5 Ne4 12. h3 Bf5 13. Nbd2 Nb4 14. Nf1 c5 15.
dxc5 Nxc5 16. Nd4 Bg6 17. Ne3 Ncd3 18. Rf1 Bc5 19. Nec2 Nxc2 20. Bxc2 Bxd4 21.
Bxd3 Bxe5 22. Bxg6 hxg6 23. f4 Bf6 24. f5 gxf5 25. Rxf5 Re8 26. Bf4 Qb6+ 27.
Kh2 Rad8 28. Qg4 Re4 29. Qg3 Qe6 30. Rxf6 Qxf6 31. Bg5 Qxb2 32. Rf1 Qe2 33. Rf2
Qxf2 34. Qxf2 f6 35. Bd2 d4 36. Qf3 Rde8 37. a3 R8e6 38. Qf5 R4e5 39. Qd3 Rd5
40. g4 Kf7 41. Kg3 g6 42. Kf2 f5 43. g5 Re4 44. Qc2 Rde5 45. Qc6 Re6 46. Qd7+
Re7 47. Qd5+ R7e6 48. Bb4 Re2+ 49. Kf1 R2e4 50. Qd8 Kg7 51. Bf8+ Kf7 52. Bb4
Kg7 53. Qf8+ Kh7 54. Qf7+ Kh8 55. Bd2 Re2 56. h4 Re7 57. Qf8+ Kh7 58. Qh6+ Kg8
59. Qxg6+ 1-0

[Event "17. Obert Int. Sant Marti 2015"]
[Site "Barcelona ESP"]
[Date "2015.07.16"]
[Round "4.15"]
[White "Ivana Maria, Furtado"]
[Black "Rios, Cristhian Camilo"]
[Result "0-1"]
[WhiteElo "2236"]
[BlackElo "2435"]
[PlyCount "52"]
[EventDate "2015.07.13"]
[EventType "swiss"]
[EventRounds "9"]
[EventCountry "ESP"]
[SourceTitle "Ajedrez en Madrid"]
[Source "lmi"]
[SourceDate "2013.07.13"]
[SourceVersion "1"]
[SourceVersionDate "2019.06.24"]
[SourceQuality "1"]

1. Nf3 Nf6 2. c4 g6 3. Nc3 Bg7 4. e4 d6 5. d4 O-O 6. Be2 e5 7. O-O Nc6 8. d5
Ne7 9. b4 Ne8 10. a4 f5 11. Ng5 h6 12. Ne6 Bxe6 13. dxe6 Qc8 14. Nd5 Qxe6 15.
Nxe7+ Qxe7 16. Qd5+ Kh8 17. Qxb7 Nf6 18. exf5 gxf5 19. Be3 Qd7 20. Bxa7 c5 21.
Qxd7 Nxd7 22. Bxc5 dxc5 23. b5 e4 24. Ra3 Ra5 25. b6 Nxb6 26. Rb3 Nxa4 0-1

[Event "17. Obert Int. Sant Marti 2015"]
[Site "Barcelona ESP"]
[Date "2015.07.16"]
[Round "4.16"]
[White "Grigoryan, Karen H."]
[Black "Forsa, Espen"]
[Result "1-0"]
[WhiteElo "2580"]
[BlackElo "2304"]
[PlyCount "71"]
[EventDate "2015.07.13"]
[EventType "swiss"]
[EventRounds "9"]
[EventCountry "ESP"]
[SourceTitle "Ajedrez en Madrid"]
[Source "lmi"]
[SourceDate "2013.07.13"]
[SourceVersion "1"]
[SourceVersionDate "2019.06.24"]
[SourceQuality "1"]

1. d4 d5 2. c4 c6 3. Nf3 e6 4. Qc2 dxc4 5. Qxc4 Nf6 6. g3 b5 7. Qc2 Bb7 8. Bg2
Nbd7 9. a4 c5 10. O-O b4 11. a5 Rc8 12. a6 Be4 13. Qa4 Bd6 14. Nbd2 Bc6 15. Qd1
O-O 16. Nc4 Be7 17. b3 Bd5 18. Bb2 Nb6 19. Nfe5 Nxc4 20. bxc4 Bxg2 21. Kxg2 Qb6
22. e3 cxd4 23. exd4 Nd7 24. Nxd7 Qc6+ 25. d5 Qxd7 26. Qg4 g6 27. Rfe1 f5 28.
Qe2 Bf6 29. Bxf6 Rxf6 30. Qe5 Kf7 31. Rad1 Rxc4 32. Qb8 e5 33. Qh8 Rd6 34. Rxe5
Re4 35. Rxe4 fxe4 36. Rc1 1-0

[Event "17. Obert Int. Sant Marti 2015"]
[Site "Barcelona ESP"]
[Date "2015.07.16"]
[Round "4.17"]
[White "Pogorelov, Ruslan"]
[Black "Burmakin, Vladimir"]
[Result "1/2-1/2"]
[WhiteElo "2301"]
[BlackElo "2571"]
[PlyCount "58"]
[EventDate "2015.07.13"]
[EventType "swiss"]
[EventRounds "9"]
[EventCountry "ESP"]
[SourceTitle "Ajedrez en Madrid"]
[Source "lmi"]
[SourceDate "2013.07.13"]
[SourceVersion "1"]
[SourceVersionDate "2019.06.24"]
[SourceQuality "1"]

1. Nf3 d5 2. d4 c6 3. c4 Nf6 4. Nc3 e6 5. e3 Nbd7 6. Qc2 Bd6 7. Bd3 O-O 8. O-O
Qe7 9. c5 Bc7 10. e4 dxe4 11. Nxe4 Nxe4 12. Bxe4 h6 13. Bd2 Nf6 14. Rfe1 Bd7
15. b4 Rfd8 16. Bd3 Be8 17. a4 Rac8 18. Qc1 Qf8 19. Bf4 b6 20. Bxc7 Rxc7 21.
Bc4 bxc5 22. bxc5 Rb7 23. Rb1 Rdb8 24. Rxb7 Rxb7 25. Qc2 Bd7 26. Rb1 Qb8 27.
Rxb7 Qxb7 28. Qb3 Qxb3 29. Bxb3 Kf8 1/2-1/2

[Event "17. Obert Int. Sant Marti 2015"]
[Site "Barcelona ESP"]
[Date "2015.07.16"]
[Round "4.18"]
[White "Gomez Garrido, Camilo Ernesto"]
[Black "Vittorino, Carlo Giovanni"]
[Result "1-0"]
[WhiteElo "2519"]
[BlackElo "2301"]
[PlyCount "71"]
[EventDate "2015.07.13"]
[EventType "swiss"]
[EventRounds "9"]
[EventCountry "ESP"]
[SourceTitle "Ajedrez en Madrid"]
[Source "lmi"]
[SourceDate "2013.07.13"]
[SourceVersion "1"]
[SourceVersionDate "2019.06.24"]
[SourceQuality "1"]

1. d4 d5 2. c4 dxc4 3. Nf3 Nf6 4. e3 e6 5. Bxc4 c5 6. O-O a6 7. Bb3 Nc6 8. Qe2
cxd4 9. Rd1 Be7 10. exd4 O-O 11. Nc3 Na5 12. d5 Nxb3 13. dxe6 Qa5 14. exf7+
Rxf7 15. axb3 Qxa1 16. Ng5 Bg4 17. f3 Bh5 18. Nxf7 Kxf7 19. b4 a5 20. Be3 axb4
21. Rxa1 Rxa1+ 22. Nd1 Nd5 23. Kf2 Kf8 24. Qd3 Bf7 25. Bd4 Bg6 26. Qd2 Nf6 27.
Ne3 Ra5 28. Qc1 Ra8 29. Bc5 Re8 30. Qc4 Bf7 31. Qxb4 Nd5 32. Qd4 Nxe3 33. Qxe3
Bd5 34. Qf4+ Kg8 35. Bxe7 Rxe7 36. Qd6 1-0

[Event "17. Obert Int. Sant Marti 2015"]
[Site "Barcelona ESP"]
[Date "2015.07.16"]
[Round "4.19"]
[White "Pomini, Aurelien"]
[Black "Cicak, Slavko"]
[Result "0-1"]
[WhiteElo "2298"]
[BlackElo "2514"]
[PlyCount "74"]
[EventDate "2015.07.13"]
[EventType "swiss"]
[EventRounds "9"]
[EventCountry "ESP"]
[SourceTitle "Ajedrez en Madrid"]
[Source "lmi"]
[SourceDate "2013.07.13"]
[SourceVersion "1"]
[SourceVersionDate "2019.06.24"]
[SourceQuality "1"]

1. e4 c5 2. Nf3 g6 3. d4 cxd4 4. Nxd4 Bg7 5. Nc3 Nc6 6. Be3 Nf6 7. Bc4 O-O 8.
Bb3 e6 9. O-O a6 10. Nxc6 bxc6 11. Bc5 d5 12. Bxf8 Qxf8 13. Re1 a5 14. exd5
cxd5 15. Na4 Ba6 16. Qd2 Bb5 17. f3 Nd7 18. Rad1 Qc8 19. Kh1 Qc6 20. Nc3 Bxc3
21. bxc3 a4 22. Bxd5 exd5 23. Qxd5 Qxd5 24. Rxd5 Bc6 25. Rd6 Rc8 26. Red1 Nf8
27. Rd8 Rc7 28. Rb8 Bd7 29. Kg1 Kg7 30. Kf2 h5 31. h4 Nh7 32. Ke3 Nf6 33. Kd2
Be6 34. Rdb1 Nd5 35. R1b7 Rxc3 36. Ra7 Ra3 37. Rba8 Nb6 0-1